000 00377nam a2200145 i 4500
001 bg
100 1 _aGRZELAK, Eugeniusz
245 0 _aTransport wewnętrzny przemysłu kruszyw budowlanych /
_cEugeniusz Grzelak.
260 _aWarszawa :
_bCOIB,
_c1981.
040 _cBPK
041 _apol
080 _a658.2:666.9
942 _cKS
008 s pl f |000 0 pol
999 _c20632
_d20632
856 _uhttp://koha.tu.koszalin.pl/cgi-bin/koha/opac-detail.pl?biblionumber=20632
_yKatalog online BPK